Open Data Biblioteca Nacional de Portugal


República Portuguesa: Ministério da Cultura
Biblioteca Nacional de Portugal

Catálogo da BNP: acesso por Identificadores Unívocos
Registos Bibliográficos associados ao registo de autoridade

Etiqueta de registo: 00000nas 2200025 450
001 1974997
003 http://id.bnportugal.gov.pt/bib/catbnp/1974997
021 ## $aFR$bA89220-2
100 ## $a20171027a195 9999m y0pory01030103ba
101 0# $afre
102 ## $aFR
106 ## $ar
110 ## $aahazz 0uu0
200 1# $a Le bulletin Gallimard
210 #9 $aParis$cGallimard,$d[1970]-
215 ## $d29 cm
303 ## $aDescrição baseada em: nº 433 (maio/jul. 2000)
304 ## $aContinuação de: Bulletin de la Nrf (1959-1969)
326 ## $aTrimestral
517 1# $aBulletin de la Nrf
620 ## $dParis
675 ## $a339.37(085.3)$vBN$zpor$31440260
675 ## $a655.41(085.3)$vBN$zpor$31696714
712 02 $aÉditions Gallimard$4650$31634714
801 #0 $aPT$bBN$gRPC
966 ## $lBN$mFGREV$sR.E. 12303 V.

Etiqueta de registo: 00000nas 2200025 450
001 2019944
003 http://id.bnportugal.gov.pt/bib/catbnp/2019944
100 ## $a20190417b19311977m y0pory01030103ba
101 0# $afre
102 ## $aFR
106 ## $ar
110 ## $aauubb 0uu0
200 1# $a La pléiade$fGallimard
210 #9 $a[Paris]$cGallimard,$d[1931]-1977
215 ## $d21 cm
303 ## $aDescrição baseada em: nº 67 (printemps/été 1977)
317 ## $aBiblioteca Jorge de Sena$5PTBN: J.S. 12681
620 ## $dParis
712 02 $aÉditions Gallimard$4650$31634714
801 #0 $aPT$bBN$gRPC
966 ## $lBN$mFGREV$pBiblioteca Jorge de Sena$sJ.S. 12681$x3
971 ## $cbarbara $d20210824

Etiqueta de registo: 00000nas 2200025 450
001 2065431
003 http://id.bnportugal.gov.pt/bib/catbnp/2065431
011 ## $a1270-0665
100 ## $a20220829b19962004m y0pory01030103ba
101 0# $afre
102 ## $aFR
106 ## $ar
110 ## $aayyzz 0uu0
200 1# $a Les cahiers de médiologie$fed. Gallimard$gdir. Régis Debray
210 #9 $aParis$cGallimard,$d1996-2004
215 ## $d25 cm
303 ## $aDescrição baseada em: nº 13 (2002)
317 ## $aDoação de Augusto M. Seabra$5PTBN: R.E. 12631 V.
326 ## $aPeriodicidade irregular
620 ## $dParis
675 ## $a316(051)$vBN$zpor$3339344
702 #1 $aDebray,$bRégis,$f1940-$4300$381587
712 02 $aÉditions Gallimard$4650$31634714
801 #0 $aPT$bBN$gRPC
966 ## $lBN$mFGREV$pBiblioteca Augusto M. Seabra$sR.E. 12631 V.$x3
971 ## $cjbeatriz$d20220829
972 ## $e2$z0$d20221104$viquintas
973 ## $cigoulao$d20230117

Etiqueta de registo: 00000nkm 2200025 450
001 2265573
003 http://id.bnportugal.gov.pt/bib/catbnp/2265573
100 ## $a20260211f19871989m y0pory01030103ba
101 0# $afre
200 1# $a L' agenda sur papier bible. Mille et une combinaisons pour vous le faire offrir., La Pléiade$bVisual gráfico]$fGallimard
210 #9 $aParis$cGallimard,$d[entre 1987 e 1989]
215 ## $a1 cartaz$ccolor.$d60,1x40,1 cm
306 ## $aDatação atribuída em conformidade com as características formais do documento
317 ## $aColeção Madeira Luís
710 02 $aÉditions Gallimard$31634714
801 #0 $aPT$bBN$gRPC
966 ## $lBN$mICONOG$sCT. 20560 A.$x3
971 ## $cCaticonografia10$d20260211
995 ## $aPRR2026 $d20260211$iCaticonografia10

Etiqueta de registo: 00000nkm 2200025 450
001 2264361
003 http://id.bnportugal.gov.pt/bib/catbnp/2264361
100 ## $a20260210d1994 m y0pory01030103ba
101 0# $afre
102 ## $aFR
200 1# $a Le Premier Homme, Albert Camus, publié pour la preière fois$bVisual gráfico]$fÉditions Gallimard
210 #9 $a[Paris]$cÉditions Gallimard,$d1994
215 ## $a1 cartaz$ccolor.$d46x31,8 cm
317 ## $aColeção Madeira Luís
675 ## $vBN$zpor$3435446
675 ## $a766(=1:44)"199"(084.5)$vBN$zpor$3973015
710 02 $aÉditions Gallimard$31634714
801 #0 $aPT$bBN$gRPC
966 ## $lBN$mICONOG$pFrancisco Madeira Luís$sCT. 13751 V.$x3
971 ## $cCatmusica8$d20260210
972 ## $d20260212$e0$vmferro$z0
995 ## $aPRR2026 $d20260210$iCatmusica8

OpendataBNP@bnportugal.pt | Mais informação sobre acesso aos dados BNP